[Event "Catalunya-chT Gp1"]
[Site "Barcelona"]
[Date "2018.02.03"]
[Round "3.7"]
[White "Bruned Segura, Mario"]
[Black "Rahal, Michael"]
[Result "1/2-1/2"]
[WhiteElo "2090"]
[BlackElo "2328"]
[PlyCount "31"]
[EventDate "2018.01.20"]
[EventType "team-tourn"]
[EventRounds "7"]
[EventCountry "ESP"]
[SourceTitle "CBM 182 Extra"]
[Source "ChessBase"]
[SourceDate "2018.02.23"]
[SourceVersion "1"]
[SourceVersionDate "2018.02.23"]
[SourceQuality "1"]
[WhiteTeam "Lleida"]
[BlackTeam "Colon Sabadell"]
[WhiteTeamCountry "ESP"]
[BlackTeamCountry "ESP"]

1. e4 c5 2. Nf3 a6 3. c3 e6 4. d4 d5 5. Nbd2 cxd4 6. cxd4 dxe4 7. Nxe4 Nf6 8. Bd3 Be7 9. 0-0 Nc6 10. Bg5 Nxe4 11. Bxe7 Qxe7 12. Bxe4 0-0 13. Ne5 Bd7 14. Nxd7 Qxd7 15. d5 exd5 16. Qxd5 1/2-1/2

[Event "Catalunya-chT GpB final"]
[Site "Barcelona"]
[Date "2017.04.01"]
[Round "4.6"]
[White "Bruned Segura, Mario"]
[Black "Muratet Casadevall, Albert"]
[Result "0-1"]
[WhiteElo "2137"]
[BlackElo "2168"]
[PlyCount "74"]
[EventDate "2017.03.11"]
[EventType "team-tourn"]
[EventRounds "11"]
[EventCountry "ESP"]
[SourceTitle "EXT 2018"]
[Source "ChessBase"]
[SourceDate "2017.10.13"]
[SourceVersion "1"]
[SourceVersionDate "2017.10.13"]
[SourceQuality "1"]
[WhiteTeam "Lleida"]
[BlackTeam "Banyoles"]
[WhiteTeamCountry "ESP"]
[BlackTeamCountry "ESP"]

1. e4 Nf6 2. e5 Nd5 3. d4 d6 4. Nf3 Bg4 5. Be2 Nc6 6. c4 Nb6 7. exd6 exd6 8. Be3 Be7 9. Nbd2 0-0 10. a3 a5 11. Qc2 Bf6 12. Bd3 g6 13. h3 Bxf3 14. Nxf3 Re8 15. 0-0-0 d5 16. c5 Nd7 17. h4 b6 18. h5 Nf8 19. Bb5 Re6 20. Qa4 Na7 21. Bd3 Rb8 22. Rd2 b5 23. Qd1 b4 24. Qa4 c6 25. hxg6 fxg6 26. Bf4 Rb7 27. Ba6 Rf7 28. axb4 axb4 29. Kc2 b3+ 30. Qxb3 Nb5 31. Bxb5 Rb7 32. Ra1 Rxb5 33. Qa4 g5 34. Bg3 g4 35. Ne5 Bxe5 36. Bxe5 Qg5 37. Re1 Rxb2+ 0-1

[Event "Catalunya-chT Gp1 final"]
[Site "Barcelona"]
[Date "2016.04.02"]
[Round "2.4"]
[White "Parals Marce, Luis"]
[Black "Bruned Segura, Mario"]
[Result "1/2-1/2"]
[WhiteElo "2062"]
[BlackElo "2124"]
[PlyCount "114"]
[EventDate "2016.03.12"]
[EventType "team-tourn"]
[EventRounds "4"]
[EventCountry "ESP"]
[SourceTitle "CBM 171 Extra"]
[Source "ChessBase"]
[SourceDate "2016.04.26"]
[SourceVersion "1"]
[SourceVersionDate "2016.04.26"]
[SourceQuality "1"]
[WhiteTeam "Figueres"]
[BlackTeam "Lleida"]
[WhiteTeamCountry "ESP"]
[BlackTeamCountry "ESP"]

1. d4 d6 2. Bf4 Nd7 3. Nf3 g6 4. e3 Bg7 5. Bc4 Nb6 6. Bb3 Nf6 7. h3 0-0 8. 0-0 a5 9. a4 Bd7 10. c4 Ne4 11. Nbd2 Bf5 12. Nxe4 Bxe4 13. Qe2 e5 14. dxe5 dxe5 15. Rfd1 Qe7 16. Bh2 Qb4 17. Nd2 Bf5 18. e4 Be6 19. Qd3 Rad8 20. Qc3 Qxc3 21. bxc3 Nd7 22. Rab1 Nc5 23. Bc2 b6 24. Bg3 f6 25. f4 Bh6 26. f5 gxf5 27. exf5 Rxd2 28. Rxd2 Bxd2 29. fxe6 Bxc3 30. Rd1 Bd4+ 31. Bf2 Nxe6 32. Be4 Bxf2+ 33. Kxf2 Nd4 34. g4 Kg7 35. c5 h5 36. cxb6 cxb6 37. Rc1 hxg4 38. hxg4 f5 39. gxf5 Nxf5 40. Rc7+ Kg6 41. Rb7 Kg5 42. Bxf5 Rxf5+ 43. Ke3 Rf4 44. Rxb6 Rxa4 45. Rb8 Rh4 46. Rb5 Kf5 47. Rxa5 Rh3+ 48. Ke2 Kf4 49. Ra8 Rh2+ 50. Ke1 e4 51. Ra3 Rb2 52. Rc3 Ra2 53. Rb3 Ke5 54. Rh3 Kd4 55. Rg3 Rc2 56. Rh3 Rc1+ 57. Ke2 Rc2+ 1/2-1/2

[Event "Catalunya-chT"]
[Site "Catalunya"]
[Date "2014.02.22"]
[Round "5.3"]
[White "Garrido Fernandez, Daniel"]
[Black "Bruned Segura, Mario"]
[Result "1/2-1/2"]
[WhiteElo "2262"]
[BlackElo "2124"]
[PlyCount "83"]
[EventDate "2014.01.25"]
[EventType "team"]
[EventRounds "11"]
[EventCountry "ESP"]
[SourceTitle "EXT 2015"]
[Source "ChessBase"]
[SourceDate "2014.11.20"]
[SourceVersion "1"]
[SourceVersionDate "2014.11.20"]
[SourceQuality "1"]
[WhiteTeam "Foment Martinenc"]
[BlackTeam "Lleida"]
[WhiteTeamCountry "ESP"]
[BlackTeamCountry "ESP"]

1. e4 e5 2. Nf3 Nc6 3. Nc3 Nf6 4. d4 exd4 5. Nxd4 Bb4 6. Nxc6 bxc6 7. Bd3 d5 8. exd5 cxd5 9. 0-0 0-0 10. Bg5 c6 11. Na4 Re8 12. c3 Be7 13. b4 Ne4 14. Bxe7 Rxe7 15. f3 Nd6 16. Qc2 g6 17. Rfe1 Bf5 18. Nc5 Bxd3 19. Qxd3 Nc4 20. Qd4 Qd6 21. Nd3 Rae8 22. Rxe7 Rxe7 23. Re1 Rxe1+ 24. Nxe1 Qe5 25. Qxe5 Nxe5 26. Kf2 Kf8 27. Ke3 Ke7 28. Nd3 f6 29. Nc5 Kd6 30. Kd4 Nf7 31. a3 Nh6 32. Kd3 Nf5 33. g3 Nh6 34. Nb3 Nf7 35. f4 Nd8 36. Nd4 a6 37. Nb3 Ne6 38. Nd4 Nc7 39. Nb3 Ne6 40. Nd4 Nc7 41. Nb3 Ne6 42. Nd4 1/2-1/2

[Event "Catalunya-chT"]
[Site "Catalunya"]
[Date "2014.02.01"]
[Round "2.4"]
[White "Bruned Segura, Mario"]
[Black "Camacho Collados, Marcos"]
[Result "0-1"]
[WhiteElo "2124"]
[BlackElo "2420"]
[PlyCount "94"]
[EventDate "2014.01.25"]
[EventType "team"]
[EventRounds "11"]
[EventCountry "ESP"]
[SourceTitle "CBM 158 Extra"]
[Source "ChessBase"]
[SourceDate "2014.02.28"]
[SourceVersion "1"]
[SourceVersionDate "2014.02.28"]
[SourceQuality "1"]
[WhiteTeam "Lleida"]
[BlackTeam "Barcelona Uga"]
[WhiteTeamCountry "ESP"]
[BlackTeamCountry "ESP"]

1. e4 d6 2. d4 Nf6 3. Nc3 e5 4. dxe5 dxe5 5. Qxd8+ Kxd8 6. Bg5 Be7 7. 0-0-0+ Nbd7 8. Nf3 Ng4 9. Rd2 f6 10. Bh4 c6 11. Bc4 Ke8 12. Be6 Nc5 13. Bxc8 Rxc8 14. h3 Nh6 15. Nh2 Ne6 16. Ne2 Nf7 17. Rhd1 Bc5 18. Nf1 Rc7 19. Bg3 Ke7 20. f4 g6 21. fxe5 Nxe5 22. c3 Ng5 23. Nd4 Rd8 24. Nf3 Ngf7 25. Nxe5 fxe5 26. b4 Bd6 27. Ne3 Ke6 28. Kc2 Be7 29. Nc4 b5 30. Ne3 Nd6 31. Ng4 Nc4 32. Rd3 a5 33. Rd4 h5 34. Rxc4 hxg4 35. Rcd4 axb4 36. R4d2 bxc3 37. Kxc3 Ra8 38. Kb2 gxh3 39. gxh3 Ra4 40. Rd4 Rca7 41. Rxa4 Rxa4 42. Re1 Ra3 43. Rg1 Re3 44. Be1 Re2+ 45. Kb3 g5 46. Bc3 Re3 47. Re1 Rxh3 0-1

[Event "Catalunya-chT"]
[Site "Catalunya"]
[Date "2012.04.21"]
[Round "11.6"]
[White "Alexandrova, Olga"]
[Black "Bruned Segura, Mario"]
[Result "1-0"]
[WhiteElo "2419"]
[BlackElo "2151"]
[PlyCount "69"]
[EventDate "2012.01.28"]
[EventType "team-tourn"]
[EventRounds "11"]
[EventCountry "ESP"]
[SourceTitle "EXT 2013"]
[Source "ChessBase"]
[SourceDate "2012.11.22"]
[SourceVersion "1"]
[SourceVersionDate "2012.11.22"]
[SourceQuality "1"]
[WhiteTeam "Barcelona Uga"]
[BlackTeam "Lleida"]
[WhiteTeamCountry "ESP"]
[BlackTeamCountry "ESP"]

1. d4 d6 2. Nf3 Bg4 3. c4 Bxf3 4. exf3 c6 5. Nc3 e6 6. d5 Nf6 7. Be2 Be7 8. 0-0 0-0 9. Be3 Na6 10. f4 Nc7 11. Bf3 cxd5 12. cxd5 Ncxd5 13. Nxd5 Nxd5 14. Bxd5 exd5 15. Qxd5 Bf6 16. Rfd1 b6 17. Rab1 Rc8 18. b4 Rc2 19. a4 Qa8 20. a5 b5 21. Qxb5 a6 22. Qd5 Qxd5 23. Rxd5 Rfc8 24. Rxd6 Be7 25. Rb6 Ra2 26. g3 Ra4 27. Kg2 h5 28. h4 Rc4 29. Rxa6 Bxb4 30. Ra8+ Kh7 31. a6 Kg6 32. a7 Bc5 33. Rc8 Bxa7 34. Rxc4 Rxc4 35. Bxa7 1-0

[Event "Catalunya-chT"]
[Site "Catalunya"]
[Date "2012.03.17"]
[Round "8.6"]
[White "Bruned Segura, Mario"]
[Black "Perpinya Rofes, Lluis Maria"]
[Result "0-1"]
[WhiteElo "2151"]
[BlackElo "2385"]
[PlyCount "80"]
[EventDate "2012.01.28"]
[EventType "team-tourn"]
[EventRounds "11"]
[EventCountry "ESP"]
[SourceTitle "EXT 2013"]
[Source "ChessBase"]
[SourceDate "2012.11.22"]
[SourceVersion "1"]
[SourceVersionDate "2012.11.22"]
[SourceQuality "1"]
[WhiteTeam "Lleida"]
[BlackTeam "Colon Sabadell"]
[WhiteTeamCountry "ESP"]
[BlackTeamCountry "ESP"]

1. e4 c5 2. Nf3 Nc6 3. c3 Nf6 4. e5 Nd5 5. d4 cxd4 6. cxd4 d6 7. Bc4 Nb6 8. Bb5 dxe5 9. Nxe5 Bd7 10. Nxd7 Qxd7 11. Nc3 Rd8 12. Be3 e6 13. 0-0 Be7 14. Qg4 0-0 15. Rad1 Nd5 16. Bh6 Bf6 17. Ne4 Qe7 18. Nxf6+ Qxf6 19. Bg5 Qg6 20. Bd3 f5 21. Qh4 Nxd4 22. Be4 Nf6 23. Bxf6 Qxf6 24. Qxf6 Rxf6 25. Bd3 e5 26. f3 Rfd6 27. Kf2 Kf7 28. Rd2 Kf6 29. Bb1 Ne6 30. Rxd6 Rxd6 31. Ke1 g5 32. Rf2 h5 33. g3 Nd4 34. Bd3 g4 35. fxg4 hxg4 36. Be4 Rd7 37. Bh1 e4 38. Kd2 Nf3+ 39. Ke3 Rd3+ 40. Kf4 Ng5 0-1

[Event "Catalunya-chT"]
[Site "Catalunya"]
[Date "2012.03.10"]
[Round "7.8"]
[White "Colls Gelaberto, Emilio"]
[Black "Bruned Segura, Mario"]
[Result "1-0"]
[WhiteElo "2149"]
[BlackElo "2151"]
[PlyCount "109"]
[EventDate "2012.01.28"]
[EventType "team-tourn"]
[EventRounds "11"]
[EventCountry "ESP"]
[SourceTitle "EXT 2013"]
[Source "ChessBase"]
[SourceDate "2012.11.22"]
[SourceVersion "1"]
[SourceVersionDate "2012.11.22"]
[SourceQuality "1"]
[WhiteTeam "Figueres"]
[BlackTeam "Lleida"]
[WhiteTeamCountry "ESP"]
[BlackTeamCountry "ESP"]

1. d4 d6 2. Nf3 Bg4 3. c4 Nd7 4. Nc3 c6 5. d5 e5 6. dxe6 Bxe6 7. e4 Ne5 8. b3 Nf6 9. Be2 Be7 10. 0-0 0-0 11. Nd4 Bg4 12. Bxg4 Nexg4 13. Nf5 Re8 14. Bf4 Qa5 15. Nxe7+ Rxe7 16. Qd2 Rd7 17. Rad1 Rad8 18. f3 Ne5 19. Nd5 Qxd2 20. Nxf6+ gxf6 21. Rxd2 Kf8 22. Rfd1 Ke7 23. Be3 b6 24. Kf2 Rg8 25. h3 c5 26. Rd5 a5 27. a4 Rg7 28. Bc1 Ke6 29. Bb2 Nc6 30. Rh5 Ne7 31. f4 Ng8 32. Rhd5 Ke7 33. g4 h6 34. Kf3 Rg6 35. h4 Rg7 36. h5 Rh7 37. e5 fxe5 38. Bxe5 f6 39. Bxd6+ Ke8 40. f5 Rhg7 41. Re1+ Kd8 42. Re6 Rgf7 43. Bf4 Rxd5 44. cxd5 Rb7 45. Bxh6 Nxh6 46. Rxf6 Nf7 47. Kf4 Ke7 48. Re6+ Kf8 49. g5 b5 50. f6 bxa4 51. bxa4 Rb4+ 52. Kf5 Rd4 53. g6 Rxd5+ 54. Ke4 Rxh5 55. g7+ 1-0

[Event "Catalunya-chT"]
[Site "Catalunya"]
[Date "2012.03.03"]
[Round "6.7"]
[White "Borras Duran, Pere"]
[Black "Bruned Segura, Mario"]
[Result "1/2-1/2"]
[WhiteElo "2180"]
[BlackElo "2151"]
[PlyCount "145"]
[EventDate "2012.01.28"]
[EventType "team-tourn"]
[EventRounds "11"]
[EventCountry "ESP"]
[SourceTitle "EXT 2013"]
[Source "ChessBase"]
[SourceDate "2012.11.22"]
[SourceVersion "1"]
[SourceVersionDate "2012.11.22"]
[SourceQuality "1"]
[WhiteTeam "Badalona Sant Josep"]
[BlackTeam "Lleida"]
[WhiteTeamCountry "ESP"]
[BlackTeamCountry "ESP"]

1. d4 Nf6 2. Bf4 d5 3. e3 c5 4. c3 Nc6 5. Nf3 Qb6 6. Qc2 Bf5 7. dxc5 Bxc2 8. cxb6 axb6 9. Bb5 Ba4 10. Bd3 Nd7 11. Nd4 e5 12. Nxc6 bxc6 13. Bg3 c5 14. c4 e4 15. Be2 d4 16. 0-0 f5 17. f3 Bc6 18. fxe4 fxe4 19. Na3 Be7 20. Nb5 Bxb5 21. cxb5 Rf8 22. Rxf8+ Nxf8 23. Bc4 0-0-0 24. a4 dxe3 25. Bf4 Bf6 26. Bxe3 Bxb2 27. Ra2 Bd4 28. Kf2 Ng6 29. Ke2 Bxe3 30. Kxe3 Rd4 31. Be6+ Kc7 32. Bf5 Ne5 33. Bxh7 Ng4+ 34. Kf4 e3+ 35. Kf3 Rd2 36. Rxd2 exd2 37. Ke2 Ne3 38. Kxd2 Nxg2 39. Be4 Nf4 40. Ke3 Ne6 41. h4 Kd6 42. h5 Ke5 43. Bd3 Nf4 44. Bf1 Nxh5 45. Kd3 Nf4+ 46. Kc4 Kd6 47. a5 Kc7 48. axb6+ Kxb6 49. Kc3 Ne6 50. Kd2 Nc7 51. Ke3 Nxb5 52. Kf4 Nd6 53. Kg5 Ne8 54. Kg6 Kc7 55. Kf7 Kd8 56. Be2 Nc7 57. Kxg7 Ke7 58. Kg6 Ke6 59. Kg5 Ke5 60. Kg4 Ne6 61. Kg3 Nf4 62. Bb5 Ke4 63. Kf2 Ne6 64. Ke1 Nd4 65. Ba6 Nb3 66. Kd1 Kd4 67. Kc2 Na5 68. Bf1 Nc4 69. Be2 Ne5 70. Bb5 Nc4 71. Ba6 Ne3+ 72. Kd2 Nd5 73. Bf1 1/2-1/2

[Event "Catalunya-chT"]
[Site "Barcelona"]
[Date "2011.04.02"]
[Round "10.8"]
[White "Bruned Segura, Mario"]
[Black "Ibanez Tarradellas, Eduardo"]
[Result "0-1"]
[WhiteElo "2159"]
[BlackElo "2273"]
[PlyCount "94"]
[EventDate "2011.01.29"]
[EventType "team-tourn"]
[EventRounds "11"]
[EventCountry "ESP"]
[SourceTitle "EXT 2012"]
[Source "ChessBase"]
[SourceDate "2011.11.24"]
[SourceVersion "1"]
[SourceVersionDate "2011.11.24"]
[SourceQuality "1"]
[WhiteTeam "Lleida"]
[BlackTeam "UGA"]
[WhiteTeamCountry "ESP"]
[BlackTeamCountry "ESP"]

1. e4 d5 2. exd5 Qxd5 3. Nc3 Qa5 4. d4 Nf6 5. Bd3 Nc6 6. Nge2 Bg4 7. f3 Bh5 8. Be3 0-0-0 9. Qd2 Bg6 10. 0-0-0 Nb4 11. Bxg6 Nxa2+ 12. Nxa2 Qxa2 13. Bf5+ e6 14. Bxe6+ fxe6 15. Nc3 Qa1+ 16. Nb1 Nd5 17. Rhe1 Bb4 18. c3 Rd6 19. Qc2 Ra6 20. Rd3 Bd6 21. Kd1 Rc6 22. Bc1 Bxh2 23. Rd2 Bf4 24. Rde2 Nb4 25. cxb4 Rxc2 26. Kxc2 Bxc1 27. Kxc1 Rd8 28. Re3 Rxd4 29. Rc3 Rxb4 30. Re2 Qa6 31. Rce3 Kd7 32. Nc3 Qa1+ 33. Nb1 Rc4+ 34. Rc2 Rxc2+ 35. Kxc2 Qa6 36. Nc3 Qf1 37. Re2 c6 38. Kd2 b6 39. Nd1 h5 40. Ne3 Qb1 41. Nc4 b5 42. Ne5+ Kd6 43. Nd3 c5 44. Re1 Qa2 45. Kc2 c4 46. Nf4 e5 47. Rd1+ Kc6 0-1

[Event "Catalunya-chT"]
[Site "Barcelona"]
[Date "2011.01.29"]
[Round "1"]
[White "Bautista Sanchez, Joan"]
[Black "Bruned Segura, Mario"]
[Result "1/2-1/2"]
[WhiteElo "2199"]
[BlackElo "2159"]
[PlyCount "121"]
[EventDate "2011.01.29"]
[EventType "team-tourn"]
[EventRounds "11"]
[EventCountry "ESP"]
[SourceTitle "EXT 2012"]
[Source "ChessBase"]
[SourceDate "2011.11.24"]
[SourceVersion "1"]
[SourceVersionDate "2011.11.24"]
[SourceQuality "1"]
[WhiteTeam "San Andreu"]
[BlackTeam "Lleida"]
[WhiteTeamCountry "ESP"]
[BlackTeamCountry "ESP"]

1. Nf3 d6 2. c4 e5 3. Nc3 f5 4. d3 Nf6 5. g3 Be7 6. Bg2 0-0 7. 0-0 a5 8. a3 Nbd7 9. Rb1 h6 10. Nh4 Nb6 11. Ng6 Rf7 12. b4 c6 13. Qb3 a4 14. Qc2 Be6 15. Be3 Nfd7 16. Nxe7+ Qxe7 17. b5 c5 18. Bxb7 Ra7 19. Bg2 g5 20. Nd5 Bxd5 21. cxd5 Nf6 22. Qa2 Qb7 23. f4 gxf4 24. gxf4 e4 25. dxe4 fxe4 26. Rfd1 Nbxd5 27. Bd2 Qc8 28. Be1 Qf5 29. e3 Nxe3 30. Rxd6 Kh7 31. Bg3 c4 32. b6 Rab7 33. Rd2 Rg7 34. Qb2 Nxg2 35. Rxg2 Qc5+ 36. Kh1 c3 37. Qb4 c2 38. Rc1 Qxb4 39. axb4 Rxb6 40. Rgxc2 Rxb4 41. f5 Nd5 42. Rc5 Rd7 43. Be5 Ne3 44. Bf4 Ng4 45. h3 Nf2+ 46. Kh2 Rb2 47. R1c2 a3 48. Kg3 Nd3 49. Rc7 Rg7+ 50. Rxg7+ Kxg7 51. Rc7+ Kf6 52. Bxh6 Kxf5 53. Bg7 Re2 54. h4 a2 55. Ra7 Kg6 56. Bd4 Ne1 57. Ra6+ Kh5 58. Ra5+ Kh6 59. Ra6+ Kh5 60. Ra5+ Kh6 61. Ra6+ 1/2-1/2

[Event "Jaen 20th op"]
[Site "Jaen"]
[Date "2010.01.31"]
[Round "2.5"]
[White "Korneev, Oleg"]
[Black "Bruned Segura, Mario"]
[Result "1/2-1/2"]
[WhiteElo "2573"]
[BlackElo "2181"]
[PlyCount "93"]
[EventDate "2010.01.31"]
[EventType "swiss (rapid)"]
[EventCountry "ESP"]
[SourceTitle "EXT 2024"]
[Source "ChessBase"]
[SourceDate "2023.10.10"]
[SourceVersion "1"]
[SourceVersionDate "2023.10.10"]
[SourceQuality "1"]

1. e4 e5 2. Nf3 Nc6 3. Bc4 Be7 4. d3 Nf6 5. 0-0 0-0 6. Re1 d6 7. a4 h6 8. a5 a6 9. Nbd2 Nh7 10. c3 Ng5 11. Nf1 Kh8 12. Ng3 Bg4 13. Bxg5 Bxg5 14. h3 Bd7 15. d4 Bf4 16. Nh5 Bg5 17. dxe5 Nxe5 18. Nxe5 dxe5 19. Qb3 g6 20. Ng3 Rb8 21. Red1 Qe8 22. Rd3 f5 23. Qd1 Bc6 24. Qe2 Bf4 25. Bd5 Bb5 26. c4 Bd7 27. exf5 gxf5 28. Nh5 Bg5 29. f4 exf4 30. Re1 Qxe2 31. Rxe2 Be8 32. Bf3 Bxh5 33. Bxh5 Rbd8 34. Rxd8 Rxd8 35. Re8+ Rxe8 36. Bxe8 f3 37. gxf3 Bd2 38. Bd7 Bxa5 39. Bxf5 b5 40. cxb5 axb5 41. Bd7 b4 42. Kf2 Kg7 43. Ke3 Kf6 44. Ke4 Bb6 45. b3 Bf2 46. Kd5 c5 47. Ke4 1/2-1/2

[Event "Navalmoral op 10th"]
[Site "Navalmoral"]
[Date "2004.12.05"]
[Round "2"]
[White "Paunovic, Dragan"]
[Black "Bruned Segura, Mario"]
[Result "1-0"]
[WhiteElo "2520"]
[BlackElo "2156"]
[PlyCount "91"]
[EventDate "2004.12.04"]
[EventType "swiss"]
[EventRounds "9"]
[EventCountry "ESP"]
[SourceTitle "CBM 103 Extra"]
[Source "ChessBase"]
[SourceDate "2005.01.01"]
[SourceVersion "1"]
[SourceVersionDate "2005.01.01"]
[SourceQuality "1"]

1. c4 e5 2. g3 Nf6 3. Bg2 Be7 4. Nf3 d6 5. 0-0 0-0 6. d4 Nbd7 7. Nc3 c6 8. e4 Qc7 9. h3 b6 10. Be3 Bb7 11. Rc1 Rfd8 12. d5 Nc5 13. Nh4 cxd5 14. exd5 g6 15. Nb5 Qd7 16. b4 Na6 17. a3 Nc7 18. Nc3 Rac8 19. Qb3 Nce8 20. Nf3 Ba6 21. b5 Bb7 22. Na2 Ne4 23. Nb4 Ng7 24. Nc6 Bxc6 25. bxc6 Qc7 26. Rfe1 Nf5 27. Bxb6 Qxb6 28. Qxb6 axb6 29. Rxe4 Ra8 30. Rb1 Rdb8 31. Rb3 Bd8 32. g4 Ne7 33. Nd2 Ra4 34. c5 Rxe4 35. Nxe4 Nxd5 36. cxd6 Rc8 37. Nc3 Rxc6 38. Nxd5 Rxd6 39. Rd3 Kf8 40. a4 Be7 41. Be4 Bd8 42. Kg2 Kg7 43. Ne3 Rxd3 44. Bxd3 Kf6 45. Kf3 Ke6 46. Bc4+ 1-0

[Event "Trevias op"]
[Site "Trevias"]
[Date "2003.??.??"]
[Round "6"]
[White "Bruned Segura, Mario"]
[Black "Perez Rodriguez, Luis Manuel"]
[Result "1/2-1/2"]
[WhiteElo "2132"]
[BlackElo "2389"]
[PlyCount "84"]
[EventDate "2003.??.??"]
[EventType "swiss"]
[EventRounds "7"]
[EventCountry "ESP"]
[SourceTitle "EXT 2005"]
[Source "ChessBase"]
[SourceDate "2004.11.15"]
[SourceVersion "1"]
[SourceVersionDate "2004.11.15"]
[SourceQuality "1"]

1. c4 e5 2. Nc3 Nf6 3. g3 d5 4. cxd5 Nxd5 5. Bg2 Nb6 6. Nf3 Nc6 7. 0-0 Be7 8. d3 g5 9. Be3 g4 10. Nd2 Be6 11. Rc1 Qd7 12. Nde4 f5 13. Nc5 Bxc5 14. Bxc5 h5 15. d4 exd4 16. Nb5 Rd8 17. Bxc6 bxc6 18. Nxd4 Bd5 19. Qd2 h4 20. Qg5 Qh7 21. gxh4 Be4 22. Rfd1 Rd7 23. Bxb6 axb6 24. Ne6 Qxh4 25. Ng7+ Kf8 26. Ne6+ Ke8 27. Qg6+ Rf7 28. Rd8+ Ke7 29. Rxh8 Qxh8 30. Rd1 Qf6 31. Qxf6+ Kxf6 32. Nf4 Re7 33. e3 Re5 34. h3 Rc5 35. Rd2 b5 36. hxg4 fxg4 37. a3 Kf5 38. Ne2 Bf3 39. Kh2 Bxe2 40. Rxe2 Rc1 41. e4+ Ke5 42. Kg2 c5 1/2-1/2